000 00762cam a2200205 i 4500
005 20251124110421.0
008 250721s1999 sy gr 000 0 ara d
020 _a1575475170
082 1 4 _a211.6
_bم ن ج
100 1 _aالمنجد، محمد نور الدين
_eمؤلف.
245 1 2 _aالإشتراك اللفظي في القرآن الكريم :
_bبين النظرية و التطبيق /
_cمحمد نور الدين المنجد.
250 _aالطبعة الأولى.
264 3 1 _aدمشق :
_bدار الفكر المعاصر،
_c1999.
300 _a288 صفحة.
650 1 7 _aالقرآن الكريم.
650 1 7 _aألفاظ القرآن.
650 1 7 _aإعجاز القرآن.
942 _2ddc
_cBK
999 _c44165
_d44165